000 00914cam6a220024100 4500
001 qce00882713
005 20190821150242.0
008 740417s1964 nmua b 000 0 eng
010 _a 64024355
035 _a(Sirsi) r92458
035 _a(QCAT)lss00560655
035 _a(UPRA)qce00882713
040 _dUPRA
050 0 _aGN2
_b.N4 no.11
100 1 _aEllis, Florence Hawley.
_6A51340.1
245 1 2 _aA reconstruction of the basic Jemez pattern of social organization :
_bwith comparisons to other Tanoan social structures.
260 _aAlbuquerque :
_bUniversity of New Mexico Press,
_c1964.
440 0 _aUniversity of New Mexico publications in anthropology ;
_vno. 11
_6S8172.1
504 _aBibliography: p. 62-65.
650 0 _aJemez Indians -- Social life and customs.
_xJemez Indians -- Social life and customs.
_6S40276.1
949 _aGN2
_wlcc
_i-130095
_mMAIN
_tBOOK
_lON-SHELF
004 92458
999 _c119901
_d119901